Entre primos (Registro nro. 300427)

Detalles MARC
000 -ENCABEZADO
Número de control [NR] 01002nam a2200229Ia 4500
005 - FECHA Y HORA DE LA ÚLTIMA TRANSACCIÓN
control field 20150820145648.0
008 - DE LONGITUD FIJA DE DATOS DE ELEMENTOS - INFORMACIÓN GENERAL
Elementos de longitud fija [NR] 130821s1897 ck fr 0 f spa d
040 ## - FUENTE DE CATALOGACION [NR]
Agencia de catalogación original [NR] Co-BoUCM
Idioma de catalogación [NR] spa
Quien Cataloga Sandra Yazo
Quien Clasifica Sandra Yazo
041 0# - CODIGO DE IDIOMA [R]
Código de idioma para texto/pista de sonido o título separado [R] Español
082 04 - NUMERO DE CLASIFICACION DECIMAL DEWEY [R]
Número de clasificación [R] 863.42
Número de la edición [NR] 20
092 ## - SIGNATURA TOPOGRAFICA LOCAL
Número de clasificación local E36N019
100 1# - ASIENTO PRINCIPAL--NOMBRE PERSONAL [NR]
Nombre personal [NR] Marroquín, José Manuel
ID Autoridad 2267
Fechas asociadas con el nombre [NR] 1827-1908
245 10 - MENCION DE TITULO [NR]
Título [NR] Entre primos
Mención de responsabilidad, etc. [NR] José Manuel Marroquín
260 ## - PUBLICACION, DISTRIBUCION, ETC. (PIE DE IMPRENTA) [R]
Lugar de publicación, distribución, etc. [R] Bogotá (Colombia)
Nombre del editor, distribuidor, etc. [R] Imprenta de Eduardo Espinosa Guzmán
Fecha de publicación, distribución, etc. [R] 1897
300 ## - DESCRIPCION FISICA [R]
Extensión [R] 404 páginas
Dimensiones [R] 18 x 13 cm
500 ## - NOTA GENERAL [R]
Nota general [NR] Detalles físicos: Encuadernación rígida en cartón forrada en papel. Lomo en tela con adornos en dorado. Guardas. Portada impresa en una tinta, con un motivo decorativo. Mayúsculas capitales. Cenefas. Texto impreso en una columna. Papel con amarillamiento
506 ## - NOTA DE RESTRICCIONES DE ACCESO [R]
Condiciones de acceso [NR] Consulta en sala
650 #7 - ASIENTO SECUNDARIO DE MATERIA - TERMINO TEMATICO [R]
Término temático o nombre geográfico como elemento de entrada [NR] Literatura colombiana
9 (RLIN) 18629
650 #7 - ASIENTO SECUNDARIO DE MATERIA - TERMINO TEMATICO [R]
Término temático o nombre geográfico como elemento de entrada [NR] Novela colombiana
9 (RLIN) 20483
690 ## - ASUNTO AGREGADO LOCAL DE ENTRADA - TÉRMINO TEMÁTICO (OCLC, RLIN)
9 (RLIN) 42866
Acceso temático local Literatura latinoamericana
942 ## - ELEMENTOS DE ENTRADA AGREGADOS (KOHA)
Tipo de ítem principal el descrito en 300a Libro
Tema principal 18
Edición 1
Sistema de clasificación LOCAL
Clasificación E36N019
Existencias
Suprimido Perdido Sistema de clasificación Dañado No prestable Tipo de ítem específico Ubicación habitual Ubicación actual Localización Fecha de creación Forma de adquisición Costo Total préstamos Signatura topográfica Código de barras Última vez visto Ejemplar Price effective from Tipo de ítem
    LOCAL     Libro archivo Archivo Histórico Archivo Histórico Archivo histórico 17/07/2015 Donación 0.00   E36N019 L004970 17/07/2015 Ej.1 17/07/2015 Libro